00500nam a2200157 i 4500001000300000100002500003245005300028260002100081040000800102041000800110942000700118008004100125999001700166856009800183952006100281bg1 aKOŁODZIEJCZYK, Leon 0aCiepłownictwo :bleksykon /cL. Kołodziejczyk. aWarszawa,c1986. cBPK apol cKS s pl f |000 0 pol  c23277d23277 uhttp://koha.tu.koszalin.pl/cgi-bin/koha/opac-detail.pl?biblionumber=23277yKatalog online BPK 00104070aBPKbBPKcwo33334p01599923s2016-02-19yKS